| Tag |
First Indicator |
Second Indicator |
Subfields |
| LEADER |
00000cam a2200000Ii 4500 |
| 001 |
in00004580918 |
| 006 |
m o d |
| 007 |
cr |n||||||||| |
| 008 |
180331s2001 flua ob 001 0 eng d |
| 005 |
20220613175744.7 |
| 020 |
|
|
|a 9780429075148
|q (e-book : PDF)
|
| 020 |
|
|
|z 9781584880011
|q (hardback)
|
| 024 |
7 |
|
|a 10.1201/9781420036237
|2 doi
|
| 035 |
|
|
|a (OCoLC)276796481
|
| 035 |
|
|
|a 9780429075148
|
| 050 |
|
4 |
|a QC174.17.G46
|b W43 2001
|
| 082 |
0 |
4 |
|a 530.143
|b W363
|
| 100 |
1 |
|
|a Weaver, Nik.,
|e author.
|
| 245 |
1 |
0 |
|a Mathematical quantization /
|c Nik Weaver.
|
| 264 |
|
1 |
|a Boca Raton, Fla. :
|b Chapman and Hall/CRC,
|c 2001.
|
| 300 |
|
|
|a 1 online resource (xi, 278 pages)
|
| 336 |
|
|
|a text
|b txt
|2 rdacontent
|
| 337 |
|
|
|a computer
|b c
|2 rdamedia
|
| 338 |
|
|
|a online resource
|b cr
|2 rdacarrier
|
| 490 |
0 |
|
|a Studies in advanced mathematics
|
| 504 |
|
|
|a Includes bibliographical references (pages 265-269) and index.
|
| 505 |
0 |
|
|a chapter 1 Quantum Mechanics -- chapter 2 Hilbert Spaces -- chapter 3 Operators -- chapter 4 The Quantum Plane -- chapter 5 C*-algebras -- chapter 6 Von Neumann algebras -- chapter 7 Quantum Field Theory -- chapter 8 Operator Spaces -- chapter 9 Hilbert Modules -- chapter 10 Lipschitz Algebras -- chapter 11 Quantum Groups.
|
| 650 |
|
0 |
|a Geometric quantization.
|
| 655 |
|
7 |
|a Electronic books.
|2 local
|
| 710 |
1 |
|
|a Taylor & Francis.
|
| 730 |
0 |
|
|a MATHnetBASE.
|
| 776 |
0 |
8 |
|i Print version:
|z 9781584880011
|
| 856 |
4 |
0 |
|u http://proxy.library.tamu.edu/login?url=https://www.taylorfrancis.com/books/9781420036237
|z Connect to the full text of this electronic book
|t 0
|
| 999 |
f |
f |
|s 66e8babc-95ba-4169-a184-98ab2d7479c2
|i 66e8babc-95ba-4169-a184-98ab2d7479c2
|t 0
|
| 952 |
f |
f |
|a Texas A&M University
|b College Station
|c Electronic Resources
|d Available Online
|t 0
|e QC174.17.G46 W43 2001
|h Library of Congress classification
|
| 998 |
f |
f |
|a QC174.17.G46 W43 2001
|t 0
|l Available Online
|